|
|
|
|
| LEADER |
01479nam a22003851i 4500 |
| 001 |
EBC3110532 |
| 003 |
MiAaPQ |
| 005 |
20200520144314.0 |
| 006 |
m o d | |
| 007 |
cr cnu|||||||| |
| 008 |
131027s2013 nyua ob 001 0 eng d |
| 020 |
|
|
|z 9781618113122
|
| 020 |
|
|
|a 9781618113191
|q (electronic bk.)
|
| 035 |
|
|
|a (MiAaPQ)EBC3110532
|
| 035 |
|
|
|a (Au-PeEL)EBL3110532
|
| 035 |
|
|
|a (CaPaEBR)ebr10775050
|
| 035 |
|
|
|a (CaONFJC)MIL530388
|
| 035 |
|
|
|a (OCoLC)868871321
|
| 040 |
|
|
|a MiAaPQ
|b eng
|e rda
|e pn
|c MiAaPQ
|d MiAaPQ
|
| 050 |
|
4 |
|a HF1106
|b .B76 2013
|
| 100 |
1 |
|
|a Brock, Sabra.
|
| 245 |
1 |
0 |
|a At the intersection of education, marketing, and transformation /
|c Sabra Brock.
|
| 264 |
|
1 |
|a New York :
|b Touro College Press,
|c 2013.
|
| 300 |
|
|
|a 1 online resource (162 pages) :
|b illustrations
|
| 336 |
|
|
|a text
|2 rdacontent
|
| 337 |
|
|
|a computer
|2 rdamedia
|
| 338 |
|
|
|a online resource
|2 rdacarrier
|
| 504 |
|
|
|a Includes bibliographical references and index.
|
| 588 |
|
|
|a Description based on online resource; title from PDF title page (ebrary, viewed October 27, 2013).
|
| 590 |
|
|
|a Electronic reproduction. Ann Arbor, MI : ProQuest, 2015. Available via World Wide Web. Access may be limited to ProQuest affiliated libraries.
|
| 650 |
|
0 |
|a Business education.
|
| 650 |
|
0 |
|a Marketing.
|
| 655 |
|
4 |
|a Electronic books.
|
| 797 |
2 |
|
|a ProQuest (Firm)
|
| 856 |
4 |
0 |
|u https://ebookcentral.proquest.com/lib/matrademy/detail.action?docID=3110532
|z Click to View
|